000 00426nam a22001697a 4500
005 20160503125257.0
008 160503b xxu||||| |||| 00| 0 eng d
020 _a81-203-2016-6
041 _aeng
082 _b1220
100 _aVan Horne James C.
_9411
245 _aFundamentals of Financial Management
260 _aNew Delhi
_bPrentice hall of India,
_c2003
300 _a743
650 _aManagement
_9241
942 _cBK
999 _c498
_d498